| 000 | 02373cam a2200457 4500500 | ||
|---|---|---|---|
| 005 | 20251228052113.0 | ||
| 041 | _afre | ||
| 042 | _adc | ||
| 100 | 1 | 0 |
_aImbach, Ruedi _eauthor |
| 245 | 0 | 0 | _aQuelques observations sur la réception du livre XII de la Métaphysique chez Thomas d’Aquin |
| 260 | _c2016. | ||
| 500 | _a51 | ||
| 520 | _aCette étude est consacrée à la réception du livre XII de la Métaphysique aristotélicienne dans l’œuvre de Thomas d’Aquin. Après une brève analyse de toutes les références à ce livre chez Thomas, l’auteur compare la manière dont Averroès, Albert le Grand et Thomas d’Aquin structurent leurs Commentaires du livre Lambda. Finalement, l’auteur analyse le commentaire thomasien des chapitres du texte aristotélicien où il est question de la connaissance divine. | ||
| 520 | _aThis article is devoted to the reception of Book XII of the Aristotelian Metaphysics in the work of Thomas Aquinas. After briefly examining all the references to this book in Aquinas, the author compares the manner in which Averroes, Albert the Great and Thomas Aquinas structure their Commentaries of the book Lambda. Finally, the author analyzes the thomasian commentary of the chapters of the Aristotelian text that refers to divine knowledge. | ||
| 690 | _aAlbert le Grand | ||
| 690 | _aAristote | ||
| 690 | _aaristotélisme médiéval | ||
| 690 | _aAverroès | ||
| 690 | _acommentaires d’Aristote | ||
| 690 | _aconnaissance divine | ||
| 690 | _aDe substantiis separatis | ||
| 690 | _amétaphysique | ||
| 690 | _aMétaphysique d’Aristote | ||
| 690 | _anoesis noeseos | ||
| 690 | _athéologie philosophique | ||
| 690 | _aThomas d’Aquin | ||
| 690 | _aAlbert the Great | ||
| 690 | _aAristotle | ||
| 690 | _aAristotle’s commentaries | ||
| 690 | _aAristotle’s Metaphysics | ||
| 690 | _aAverroes | ||
| 690 | _aDe substantiis separatis | ||
| 690 | _adivine knowledge | ||
| 690 | _amedieval aristotelianism | ||
| 690 | _ametaphysics | ||
| 690 | _anoesis noeseos | ||
| 690 | _aphilosophical theology | ||
| 690 | _aThomas Aquinas | ||
| 786 | 0 | _nRevue des sciences philosophiques et théologiques | 99 | 3 | 2016-02-29 | p. 377-407 | 0035-2209 | |
| 856 | 4 | 1 | _uhttps://shs.cairn.info/revue-des-sciences-philosophiques-et-theologiques-2015-3-page-377?lang=fr&redirect-ssocas=7080 |
| 999 |
_c1582839 _d1582839 |
||